Deltarune Raise Up Your Bat Lyrics Quiz - Statistics

General Stats
  • This quiz has been taken 136 times
  • The average score is 147 of 174
Answer Stats
Answer % Correct
the
100%
you
98%
in
96%
and
95%
bat
95%
Raise
95%
up
95%
dark
93%
When
93%
with
93%
your
93%
heart
91%
is
91%
crying
89%
night
88%
as
86%
fight
86%
into
86%
demon
84%
way
84%
for
82%
ark
81%
blood
79%
bright
79%
me
79%
slowly
79%
dying
77%
burning
75%
follow
75%
guide
75%
shall
75%
Come
74%
which
74%
face
72%
fright
72%
dead
70%
'em
70%
gushing
70%
i'm
70%
knock
70%
Let's
70%
mark
70%
my
68%
hope
65%
its
65%
lost
65%
Because
58%
future's
58%
rights
58%
shine
54%
through
53%
waves
51%
No matching quizzes found
Score Distribution
Percent of People with Each Score
Percentile by Number Answered
Your Score History
You have not taken this quiz